[Event "Swidnica op"]
[Site "Swidnica"]
[Date "1999.06.29"]
[Round "2"]
[White "Rustemov, Alexander"]
[Black "Shishkin, Vadim"]
[Result "1/2-1/2"]
[WhiteElo "2539"]
[BlackElo "2478"]
[PlyCount "126"]
[EventDate "1999.06.28"]
[Source "www.chesslib.no"]
[SourceDate "2004.05.04"]

1. d4 f5 2. g3 g6 3. Nf3 Bg7 4. Bg2 Nf6 5. b4 O-O 6. Bb2 d6 7. c4 Ne4 8. Qb3 e6 9. O-O Nd7 10. Nc3 Nxc3 11. Bxc3 Qe7 12. Rfe1 Nf6 13. Nd2 e5 14. dxe5 dxe5 15. e4 f4 16. Nf3 Nh5 17. Qb2 Re8 18. Rad1 g5 19. Rd5 c6 20. Rc5 b6 21. Rxe5 Bxe5 22. Nxe5 Bd7 23. Bf3 g4 24. Nxg4 Bxg4 25. Bxg4 fxg3 26. hxg3 Qf7 27. e5 Ng7 28. Re4 Re7 29. Qe2 Qg6 30. Kg2 Rf8 31. e6 h5 32. Bxg7 Rxg7 33. e7 hxg4 34. Re6 Re8 35. Rxg6 Rxg6 36. Qe4 Rg7 37. Qxc6 Rexe7 38. c5 bxc5 39. bxc5 Ref7 40. Qe6 Kh7 41. c6 Rc7 42. Qd6 Rcf7 43. Qd5 Kh8 44. Kf1 Re7 45. Kg2 Ref7 46. Qe5 Kh7 47. Qh5+ Kg8 48. a4 Rc7 49. Qd5+ Kh7 50. Qh5+ Kg8 51. f4 gxf3+ 52. Kf2 Rgf7 53. Qg6+ Kf8 54. Qd6+ Kg8 55. g4 Rce7 56. Qd3 Kg7 57. g5 Re2+ 58. Kf1 Ree7 59. g6 Rf8 60. Qc3+ Kxg6 61. c7 Ree8 62. Qd3+ Kg7 63. Qd4+ Kg6 1/2-1/2